[Event "Klatovy op-C 29th"]
[Site "Klatovy"]
[Date "2023.07.06"]
[Round "6"]
[White "Vavrinek, Tomas"]
[Black "Skalny, Petr"]
[Result "1/2-1/2"]
[WhiteElo "1698"]
[BlackElo "1561"]
[PlyCount "35"]
[EventDate "2023.07.01"]
[EventType "swiss"]
[EventRounds "9"]
[EventCountry "CZE"]
[SourceTitle "CBM 215 Extra"]
[Source "ChessBase"]
[SourceDate "2023.09.30"]
[SourceVersion "1"]
[SourceVersionDate "2023.09.30"]
[SourceQuality "1"]

1. d4 Nf6 2. Nf3 d5 3. Bg5 e6 4. e3 Be7 5. c4 0-0 6. Qc2 c6 7. cxd5 exd5 8. Bd3 h6 9. h4 Bg4 10. Ne5 Nbd7 11. Bxf6 Nxf6 12. f3 Be6 13. g4 Nd7 14. Nxd7 Bxh4+ 15. Kd2 Bxd7 16. Nc3 Re8 17. Raf1 Qg5 18. Nd1 1/2-1/2

[Event "Klatovy op-B 24th"]
[Site "Klatovy"]
[Date "2018.07.08"]
[Round "9"]
[White "Soucek, Jan"]
[Black "Vavrinek, Tomas"]
[Result "1/2-1/2"]
[WhiteElo "1440"]
[BlackElo "1785"]
[PlyCount "130"]
[EventDate "2018.06.30"]
[EventType "swiss"]
[EventRounds "9"]
[EventCountry "CZE"]
[SourceTitle "EXT 2019"]
[Source "ChessBase"]
[SourceDate "2018.10.10"]
[SourceVersion "1"]
[SourceVersionDate "2018.10.10"]
[SourceQuality "1"]

1. e4 c5 2. Nf3 Nc6 3. d4 cxd4 4. Nxd4 Nf6 5. Nc3 e5 6. Nf5 d5 7. exd5 Bxf5 8. dxc6 Qxd1+ 9. Nxd1 bxc6 10. Ne3 Be4 11. Ba6 Rb8 12. 0-0 Bc5 13. Re1 0-0 14. Bc4 Rfd8 15. Bb3 Bg6 16. h3 Ne4 17. Rf1 Nd2 18. Re1 Nxb3 19. cxb3 Bb4 20. Rd1 Rd4 21. a3 Ba5 22. b4 Bb6 23. Re1 f6 24. Nf1 Rbd8 25. Be3 Rd3 26. Rac1 Be4 27. Bd2 Bd5 28. Bc3 Bb3 29. Nh2 Ba4 30. Nf3 Kf7 31. Kf1 Bb5 32. Kg1 R3d6 33. Nh2 Bd4 34. Bxd4 exd4 35. Nf3 d3 36. Nd2 Re6 37. Rxe6 Kxe6 38. Re1+ Kf7 39. f3 Rc8 40. Ne4 Rd8 41. Nd2 Rd5 42. b3 Ba6 43. Rc1 Bb7 44. Ne4 f5 45. Nc5 Bc8 46. Rd1 d2 47. Kf2 a5 48. Ke3 axb4 49. axb4 f4+ 50. Kxf4 Rd4+ 51. Ke3 Rxb4 52. Rxd2 Rb5 53. Rc2 Ke7 54. Rc3 Bf5 55. Kf4 Bg6 56. Ke5 Bf7 57. Kd4 Rb4+ 58. Kd3 Bd5 59. Kd2 Kd6 60. Kc2 Rb5 61. Nd3 Ra5 62. Nb4 Ra1 63. Nxd5 cxd5 64. Kd3 Ra2 65. Rc2 Ra1 1/2-1/2

[Event "Klatovy op-B 24th"]
[Site "Klatovy"]
[Date "2018.07.06"]
[Round "7"]
[White "Stross, Frantisek1111"]
[Black "Vavrinek, Tomas"]
[Result "0-1"]
[WhiteElo "1506"]
[BlackElo "1785"]
[PlyCount "70"]
[EventDate "2018.06.30"]
[EventType "swiss"]
[EventRounds "9"]
[EventCountry "CZE"]
[SourceTitle "EXT 2019"]
[Source "ChessBase"]
[SourceDate "2018.10.10"]
[SourceVersion "1"]
[SourceVersionDate "2018.10.10"]
[SourceQuality "1"]

1. e4 c5 2. Nf3 Nc6 3. Nc3 d6 4. Bc4 e6 5. d3 Nf6 6. 0-0 Be7 7. h3 0-0 8. Bd2 Na5 9. Bb3 Nxb3 10. axb3 a5 11. Qe1 Bd7 12. Ne2 b6 13. c4 Bc6 14. Ng3 Nd7 15. Bc3 d5 16. d4 Nf6 17. e5 Ne4 18. Nxe4 dxe4 19. Nh2 cxd4 20. Rd1 Bc5 21. b4 axb4 22. Bxb4 Qc7 23. f4 Ra4 24. Bxc5 bxc5 25. b3 Ra2 26. Rf2 Rfa8 27. Ng4 e3 28. Rxa2 Rxa2 29. Nxe3 dxe3 30. Qxe3 Rxg2+ 31. Kf1 h6 32. Qxc5 Rd2 33. Rxd2 Bg2+ 34. Rxg2 Qxc5 35. Rd2 Qe3 0-1

[Event "Klatovy op-B 24th"]
[Site "Klatovy"]
[Date "2018.07.03"]
[Round "4"]
[White "Vavrinek, Tomas"]
[Black "Vilimek, Vit"]
[Result "0-1"]
[WhiteElo "1785"]
[BlackElo "1448"]
[PlyCount "60"]
[EventDate "2018.06.30"]
[EventType "swiss"]
[EventRounds "9"]
[EventCountry "CZE"]
[SourceTitle "CBM 185 Extra"]
[Source "ChessBase"]
[SourceDate "2018.07.29"]
[SourceVersion "1"]
[SourceVersionDate "2018.07.29"]
[SourceQuality "1"]

1. d4 Nf6 2. c4 g6 3. Nc3 d5 4. Bf4 Bg7 5. e3 c5 6. cxd5 Nxd5 7. Bb5+ Nc6 8. Nge2 Nxf4 9. Nxf4 cxd4 10. exd4 Bxd4 11. Qb3 0-0 12. 0-0 Qc7 13. Ncd5 Qd6 14. Rad1 e5 15. Qa4 Bg4 16. Rd2 exf4 17. Bxc6 bxc6 18. Nxf4 c5 19. Nd3 Bd7 20. Qc2 Bf5 21. Qc4 Rfd8 22. Rfd1 Bxd3 23. Rxd3 Qf4 24. Qc2 Rab8 25. b3 c4 26. R3d2 cxb3 27. axb3 Rbc8 28. Qb1 Bxf2+ 29. Rxf2 Rxd1+ 30. Qxd1 Qe3 0-1

[Event "Klatovy op-B 23rd"]
[Site "Klatovy"]
[Date "2017.07.08"]
[Round "8"]
[White "Vavrinek, Tomas"]
[Black "Kaspar, Lukas"]
[Result "0-1"]
[WhiteElo "1750"]
[BlackElo "1764"]
[PlyCount "77"]
[EventDate "2017.07.01"]
[EventType "swiss"]
[EventRounds "9"]
[EventCountry "CZE"]
[SourceTitle "EXT 2018"]
[Source "ChessBase"]
[SourceDate "2017.10.13"]
[SourceVersion "1"]
[SourceVersionDate "2017.10.13"]
[SourceQuality "1"]

1. d4 Nf6 2. Nf3 g6 3. c4 Bg7 4. Nc3 d5 5. Bf4 0-0 6. e3 c5 7. Qb3 cxd4 8. exd4 dxc4 9. Bxc4 Nc6 10. d5 Na5 11. Qb4 Nxc4 12. Qxc4 Qb6 13. Na4 Qa5+ 14. Nc3 Nxd5 15. Bd2 Nxc3 16. bxc3 Be6 17. Qd3 Rac8 18. Nd4 Bc4 19. Qc2 Rfd8 20. f4 Qd5 21. Be3 e5 22. fxe5 Qxe5 23. Kf2 Qf6+ 24. Nf3 Bd3 25. Qa4 Qxc3 26. Rac1 Qb2+ 27. Kg3 a6 28. Rxc8 Rxc8 29. Qd7 Bf5 30. Qa4 Be5+ 31. Nxe5 Qxe5+ 32. Kf3 Qd5+ 33. Kg3 Qd6+ 34. Kf3 Qd5+ 35. Kg3 Rc2 36. Qe8+ Kg7 37. Rg1 Rxa2 38. Kh4 Qc4+ 39. Kg3 0-1

[Event "Klatovy op-B 23rd"]
[Site "Klatovy"]
[Date "2017.07.04"]
[Round "4"]
[White "Vavrinek, Tomas"]
[Black "Perik, Alois"]
[Result "1/2-1/2"]
[WhiteElo "1750"]
[BlackElo "1870"]
[PlyCount "41"]
[EventDate "2017.07.01"]
[EventType "swiss"]
[EventRounds "9"]
[EventCountry "CZE"]
[SourceTitle "EXT 2018"]
[Source "ChessBase"]
[SourceDate "2017.10.13"]
[SourceVersion "1"]
[SourceVersionDate "2017.10.13"]
[SourceQuality "1"]

1. d4 d5 2. Nf3 c6 3. Bf4 Nf6 4. e3 Bg4 5. Be2 e6 6. h3 Bh5 7. Nbd2 Bd6 8. Ne5 Bxe2 9. Qxe2 Qc7 10. Nd3 Nbd7 11. Bxd6 Qxd6 12. 0-0 0-0 13. c4 Rfe8 14. cxd5 exd5 15. Rfc1 Ne4 16. Nxe4 dxe4 17. Nc5 Nxc5 18. Rxc5 Re6 19. Rac1 h6 20. Qh5 Rae8 21. b4 1/2-1/2

[Event "Klatovy op-B 22nd"]
[Site "Klatovy"]
[Date "2016.07.08"]
[Round "7"]
[White "Kaspar, Lukas"]
[Black "Vavrinek, Tomas"]
[Result "1-0"]
[WhiteElo "1634"]
[BlackElo "1773"]
[PlyCount "31"]
[EventDate "2016.07.02"]
[EventType "swiss"]
[EventRounds "9"]
[EventCountry "CZE"]
[SourceTitle "EXT 2019"]
[Source "ChessBase"]
[SourceDate "2018.10.10"]
[SourceVersion "1"]
[SourceVersionDate "2018.10.10"]
[SourceQuality "1"]

1. e4 c5 2. Nf3 Nc6 3. d4 cxd4 4. Nxd4 Nf6 5. Nc3 a6 6. Be3 e5 7. Nb3 Bb4 8. f3 d5 9. exd5 Nxd5 10. Bd2 0-0 11. Nxd5 Qxd5 12. Bxb4 Qxd1+ 13. Rxd1 Nxb4 14. c3 Nc2+ 15. Kd2 Bf5 16. Bd3 1-0

[Event "Klatovy op-B 22nd"]
[Site "Klatovy"]
[Date "2016.07.07"]
[Round "6"]
[White "Vavrinek, Tomas"]
[Black "Zimovcak, Zdenek"]
[Result "1-0"]
[WhiteElo "1773"]
[BlackElo "1632"]
[PlyCount "83"]
[EventDate "2016.07.02"]
[EventType "swiss"]
[EventRounds "9"]
[EventCountry "CZE"]
[SourceTitle "EXT 2019"]
[Source "ChessBase"]
[SourceDate "2018.10.10"]
[SourceVersion "1"]
[SourceVersionDate "2018.10.10"]
[SourceQuality "1"]

1. d4 d5 2. Nf3 Nf6 3. c4 e6 4. Bg5 Be7 5. e3 Nc6 6. a3 h6 7. Bf4 Bd6 8. Bg3 Bxg3 9. hxg3 a6 10. Nc3 b6 11. Qc2 Bb7 12. cxd5 Nxd5 13. Bd3 Nf6 14. b4 Ne7 15. Ke2 Ned5 16. Rac1 Rc8 17. Ne4 Nxe4 18. Bxe4 f5 19. Bd3 Nf6 20. Bc4 Qd6 21. Rh4 b5 22. Ba2 Rh7 23. Ne5 g5 24. Rh2 g4 25. Nd3 Be4 26. Qc5 Bxd3+ 27. Kxd3 Qxc5 28. Rxc5 Kd7 29. Re5 Re8 30. f3 h5 31. Rh1 Kd6 32. Rc5 Rc8 33. Rhc1 c6 34. e4 fxe4+ 35. fxe4 Kd7 36. d5 exd5 37. exd5 Ne8 38. Rxc6 Rxc6 39. Rxc6 Nc7 40. Rf6 Ke7 41. Rb6 Kd7 42. d6 1-0

[Event "Klatovy op-B 22nd"]
[Site "Klatovy"]
[Date "2016.07.06"]
[Round "5"]
[White "Ruzicka, Vaclav1111"]
[Black "Vavrinek, Tomas"]
[Result "1-0"]
[WhiteElo "1649"]
[BlackElo "1773"]
[PlyCount "51"]
[EventDate "2016.07.02"]
[EventType "swiss"]
[EventRounds "9"]
[EventCountry "CZE"]
[SourceTitle "EXT 2019"]
[Source "ChessBase"]
[SourceDate "2018.10.10"]
[SourceVersion "1"]
[SourceVersionDate "2018.10.10"]
[SourceQuality "1"]

1. d4 Nf6 2. c4 d5 3. Nf3 c6 4. Qc2 Bg4 5. Ne5 Bh5 6. cxd5 Qxd5 7. e3 e6 8. Bd2 Nbd7 9. Nc3 Qd6 10. f4 Be7 11. Bd3 Nd5 12. Ne4 Qc7 13. 0-0 Nxe5 14. fxe5 0-0-0 15. a3 f5 16. Nc5 Bf7 17. b4 Bxc5 18. bxc5 Rd7 19. Qa4 Qb8 20. Rab1 Kd8 21. Qxc6 Ke7 22. Qa4 Be8 23. Bb5 Rc7 24. Bxe8 Rxe8 25. e4 b5 26. Rxb5 1-0

[Event "Kouty nad Desnou op-B"]
[Site "Kouty nad Desnou"]
[Date "2015.03.12"]
[Round "7"]
[White "Vavrinek, Tomas"]
[Black "Effenberger, Adam"]
[Result "0-1"]
[WhiteElo "1790"]
[BlackElo "1785"]
[PlyCount "74"]
[EventDate "2015.03.07"]
[EventType "swiss"]
[EventRounds "9"]
[EventCountry "CZE"]
[SourceTitle "EXT 2017"]
[Source "ChessBase"]
[SourceDate "2016.10.25"]
[SourceVersion "1"]
[SourceVersionDate "2016.10.25"]
[SourceQuality "1"]

1. b4 e5 2. Bb2 Bxb4 3. Bxe5 Nf6 4. Nf3 Nc6 5. Bb2 d5 6. e3 0-0 7. c4 Re8 8. cxd5 Nxd5 9. Bb5 Nf4 10. 0-0 Nd3 11. Bc3 Bg4 12. h3 Bh5 13. g4 Bg6 14. Nd4 Bd6 15. Nf5 Bxf5 16. gxf5 Be5 17. Qg4 Qd5 18. Bxe5 Ndxe5 19. Bxc6 bxc6 20. Qg2 Nf3+ 21. Kh1 Qxf5 22. Nc3 Nxd2 23. Rfd1 Ne4 24. Nxe4 Rxe4 25. Rab1 Rc4 26. Rbc1 Rc2 27. Rxc2 Qxc2 28. Rd7 Rc8 29. Qf3 Qxa2 30. Kg2 Qe6 31. Qd1 Qe8 32. Qd3 h6 33. Rd4 a5 34. Ra4 Ra8 35. Qc3 Qe6 36. Rxa5 Rxa5 37. Qxa5 Qd5+ 0-1

[Event "Kouty nad Desnou op-B"]
[Site "Kouty nad Desnou"]
[Date "2015.03.07"]
[Round "1"]
[White "Vavrinek, Tomas"]
[Black "Janouch, Jachym Stepan"]
[Result "1-0"]
[WhiteElo "1790"]
[BlackElo "1309"]
[PlyCount "51"]
[EventDate "2015.03.07"]
[EventType "swiss"]
[EventRounds "9"]
[EventCountry "CZE"]
[SourceTitle "EXT 2017"]
[Source "ChessBase"]
[SourceDate "2016.10.25"]
[SourceVersion "1"]
[SourceVersionDate "2016.10.25"]
[SourceQuality "1"]

1. d4 d5 2. Nf3 Nf6 3. Bf4 e6 4. e3 c5 5. c3 Bd6 6. Ne5 0-0 7. Bd3 cxd4 8. exd4 Qc7 9. 0-0 Nbd7 10. Re1 b6 11. Qc2 h6 12. Qe2 Bb7 13. Nd2 Bxe5 14. dxe5 Ne8 15. Qg4 Kh8 16. Qh4 Qd8 17. Qh3 f5 18. Bxh6 gxh6 19. Qxh6+ Kg8 20. Qxe6+ Rf7 21. Re3 Nf8 22. Rg3+ Ng7 23. Qh6 d4 24. Rh3 Ng6 25. Qxg6 Kf8 26. Rh8+ 1-0

[Event "Senica op 6th"]
[Site "Senica"]
[Date "2014.08.30"]
[Round "5"]
[White "Drozd, Jan"]
[Black "Vavrinek, Tomas"]
[Result "0-1"]
[WhiteElo "1533"]
[BlackElo "1795"]
[PlyCount "54"]
[EventDate "2014.08.27"]
[EventType "swiss"]
[EventRounds "7"]
[EventCountry "SVK"]
[SourceTitle "EXT 2016"]
[Source "ChessBase"]
[SourceDate "2015.10.08"]
[SourceVersion "1"]
[SourceVersionDate "2015.10.08"]
[SourceQuality "1"]

1. e4 c5 2. Nf3 Nc6 3. d4 cxd4 4. Nxd4 Nf6 5. Nc3 e5 6. Nf3 Bb4 7. Bd3 d5 8. a3 Bxc3+ 9. bxc3 dxe4 10. 0-0 exd3 11. cxd3 0-0 12. Bg5 Qd6 13. h3 h6 14. Bh4 Nd5 15. Qc2 Nf4 16. Rfd1 Qg6 17. Bg3 Bf5 18. Bxf4 exf4 19. Nh4 Qh5 20. Nxf5 Qxf5 21. f3 Rfe8 22. Qd2 Ne5 23. Rab1 b6 24. Rb5 Nxf3+ 25. gxf3 Qxb5 26. Qxf4 Qg5+ 27. Qxg5 hxg5 0-1

[Event "Senica op 6th"]
[Site "Senica"]
[Date "2014.08.29"]
[Round "3"]
[White "Svec, Jakub"]
[Black "Vavrinek, Tomas"]
[Result "1/2-1/2"]
[WhiteElo "1385"]
[BlackElo "1795"]
[PlyCount "125"]
[EventDate "2014.08.27"]
[EventType "swiss"]
[EventRounds "7"]
[EventCountry "SVK"]
[SourceTitle "EXT 2016"]
[Source "ChessBase"]
[SourceDate "2015.10.08"]
[SourceVersion "1"]
[SourceVersionDate "2015.10.08"]
[SourceQuality "1"]

1. e4 c5 2. Nf3 Nc6 3. d4 cxd4 4. Nxd4 Nf6 5. Nc3 e5 6. Nf3 Bb4 7. Bg5 Bxc3+ 8. bxc3 Qa5 9. Bxf6 Qxc3+ 10. Nd2 gxf6 11. Bd3 Nb4 12. Qb1 b6 13. a3 Nxd3+ 14. cxd3 Ba6 15. Ke2 Rc8 16. Qc1 Qxc1 17. Rhxc1 Rxc1 18. Rxc1 Ke7 19. Rc7 Ra8 20. Ke3 Bb5 21. Rc3 Bc6 22. f4 Rc8 23. Nf3 d6 24. Rc2 Bd7 25. Rxc8 Bxc8 26. f5 d5 27. g4 d4+ 28. Kd2 h6 29. h4 a5 30. Kc2 Ba6 31. g5 hxg5 32. hxg5 fxg5 33. Nxe5 Kf6 34. Nd7+ Ke7 35. Nxb6 Kd6 36. Nd5 Ke5 37. Kd2 g4 38. Ne7 Bb5 39. Ke2 g3 40. Kf3 g2 41. Kxg2 Bxd3 42. Nc6+ Kxe4 43. Kf2 a4 44. f6 Bc4 45. Na5 Bb3 46. Ke2 Bc2 47. Nc6 d3+ 48. Kd2 Kf5 49. Nd4+ Kxf6 50. Nxc2 dxc2 51. Kxc2 Ke5 52. Kd2 Kd4 53. Kc2 f5 54. Kd2 f4 55. Kc2 f3 56. Kd2 f2 57. Ke2 f1Q+ 58. Kxf1 Kc3 59. Ke2 Kb2 60. Kd2 Kxa3 61. Kc2 Ka2 62. Kc1 a3 63. Kc2 1/2-1/2

[Event "CZE-chT2F 1011"]
[Site "Czech Republic"]
[Date "2011.04.10"]
[Round "11.8"]
[White "Kanok, Jan"]
[Black "Vavrinek, Tomas"]
[Result "1/2-1/2"]
[WhiteElo "2017"]
[BlackElo "1903"]
[PlyCount "34"]
[EventDate "2010.10.17"]
[EventType "team-tourn"]
[EventRounds "11"]
[EventCountry "CZE"]
[SourceTitle "EXT 2012"]
[Source "ChessBase"]
[SourceDate "2011.11.24"]
[SourceVersion "1"]
[SourceVersionDate "2011.11.24"]
[SourceQuality "1"]
[WhiteTeam "Ostrava Mittal II"]
[BlackTeam "Benesov"]
[WhiteTeamCountry "CZE"]
[BlackTeamCountry "CZE"]

1. d4 d5 2. c4 dxc4 3. Nf3 Nf6 4. e3 e6 5. Bxc4 c5 6. Qe2 a6 7. 0-0 b5 8. Bb3 Bb7 9. Rd1 Nbd7 10. Nc3 Qb8 11. d5 exd5 12. Nxd5 Nxd5 13. Bxd5 Bxd5 14. Rxd5 Qb7 15. e4 Be7 16. Bg5 Nb6 17. Rad1 f6 1/2-1/2

[Event "Moravia-Silesia Region-chT 0708"]
[Site "Czech Republic"]
[Date "2008.02.24"]
[Round "8.7"]
[White "Kocur, Ales"]
[Black "Vavrinek, Tomas"]
[Result "1-0"]
[WhiteElo "1937"]
[BlackElo "1782"]
[PlyCount "57"]
[EventDate "2007.10.28"]
[EventType "team-tourn"]
[EventRounds "11"]
[EventCountry "CZE"]
[SourceTitle "EXT 2024"]
[Source "ChessBase"]
[SourceDate "2023.10.10"]
[SourceVersion "1"]
[SourceVersionDate "2023.10.10"]
[SourceQuality "1"]

1. e4 c5 2. Nf3 Nc6 3. d4 cxd4 4. Nxd4 Nf6 5. Nc3 e5 6. Nf5 d5 7. exd5 Bxf5 8. Bb5 a6 9. Ba4 Qb6 10. dxc6 bxc6 11. 0-0 Bg4 12. Qe1 Bd6 13. Ne4 Nxe4 14. Qxe4 Bd7 15. Rd1 Qc7 16. Be3 0-0 17. Qd3 Rad8 18. Qxd6 Qa5 19. Qa3 Bf5 20. Bc5 Rxd1+ 21. Rxd1 Rd8 22. Rxd8+ Qxd8 23. Bd6 Qg5 24. Qe3 Qh5 25. c3 Qg4 26. Qxe5 Be6 27. Bc5 h5 28. Bc2 f6 29. Qd6 1-0

[Event "Moravia-Silesia Region-chT 0708"]
[Site "Czech Republic"]
[Date "2008.01.20"]
[Round "6.7"]
[White "Vavrinek, Tomas"]
[Black "Samu, Pavel"]
[Result "1-0"]
[WhiteElo "1782"]
[BlackElo "1973"]
[PlyCount "61"]
[EventDate "2007.10.28"]
[EventType "team-tourn"]
[EventRounds "11"]
[EventCountry "CZE"]
[SourceTitle "EXT 2024"]
[Source "ChessBase"]
[SourceDate "2023.10.10"]
[SourceVersion "1"]
[SourceVersionDate "2023.10.10"]
[SourceQuality "1"]

1. d4 d5 2. Nf3 Nc6 3. c4 Bg4 4. e3 e6 5. Nbd2 Nf6 6. a3 a5 7. b3 Bd6 8. Bd3 0-0 9. 0-0 e5 10. dxe5 Nxe5 11. Be2 Qe7 12. Bb2 dxc4 13. Nxe5 Bxe2 14. Qxe2 Bxe5 15. Bxe5 Qxe5 16. Qxc4 b5 17. Qc6 Qb2 18. Nf3 Qxb3 19. Nd4 Qd5 20. Qxb5 Rfd8 21. Rfc1 Ne8 22. Rc5 Qe4 23. Re5 Qg6 24. Nc6 Rd7 25. Ne7+ Rxe7 26. Rxe7 Nd6 27. Qe5 Rb8 28. h3 h5 29. Rxc7 Rb5 30. Rc5 Rb6 31. Qxh5 1-0